Visual communication : (Record no. 5923)
[ view plain ]
| 000 -LEADER | |
|---|---|
| fixed length control field | 00953nam a22002652 4500 |
| 001 - CONTROL NUMBER | |
| control field | 0000002576 |
| 005 - DATE AND TIME OF LATEST TRANSACTION | |
| control field | 20151217151859.0 |
| 008 - FIXED-LENGTH DATA ELEMENTS--GENERAL INFORMATION | |
| fixed length control field | 070416s xx 000 0 eng d |
| 020 ## - INTERNATIONAL STANDARD BOOK NUMBER | |
| International Standard Book Number | 053456142X : |
| 040 ## - CATALOGING SOURCE | |
| Original cataloging agency | KABU |
| Transcribing agency | KABU |
| 050 #0 - LIBRARY OF CONGRESS CALL NUMBER | |
| Classification number | P93.5 |
| Item number | .L47 2000 |
| 100 1# - MAIN ENTRY--PERSONAL NAME | |
| Personal name | Lester, Paul Martin. |
| -- | 0000151976 |
| 245 10 - TITLE STATEMENT | |
| Title | Visual communication : |
| Remainder of title | images with messages / |
| Statement of responsibility, etc. | Paul Martin Lester. |
| 250 ## - EDITION STATEMENT | |
| Edition statement | 2nd ed. |
| 260 ## - PUBLICATION, DISTRIBUTION, ETC. (IMPRINT) | |
| Place of publication, distribution, etc. | Australia : |
| -- | Belmont, CA : |
| Name of publisher, distributor, etc. | Wadsworth Pub. Co., |
| Date of publication, distribution, etc. | c2000. |
| 300 ## - PHYSICAL DESCRIPTION | |
| Extent | xiv, 402 p. : |
| Other physical details | ill. (some col.) ; |
| Dimensions | 28 cm. |
| 504 ## - BIBLIOGRAPHY, ETC. NOTE | |
| Bibliography, etc | Includes bibliographical references (p. 363-370) and index. |
| 650 #0 - SUBJECT ADDED ENTRY--TOPICAL TERM | |
| Topical term or geographic name as entry element | Visual communication. |
| -- | 0000151977 |
| 908 ## - PUT COMMAND PARAMETER (RLIN) | |
| Put command parameter | 070416 |
| 950 ## - LOCAL HOLDINGS (RLIN) | |
| -- | 1 |
| Withdrawn status | Lost status | Source of classification or shelving scheme | Not for loan | Home library | Current library | Date acquired | Total Checkouts | Total Renewals | Full call number | Barcode | Date last seen | Date last checked out | Price effective from | Koha item type |
|---|---|---|---|---|---|---|---|---|---|---|---|---|---|---|
| Library of Congress Classification | Kabarak, Main Campus | Kabarak, Main Campus | 17/12/2015 | 2 | P93.5 .L47 2000 | 007910 | 29/05/2018 | 16/05/2018 | 17/12/2015 | General Collection | ||||
| Library of Congress Classification | Kabarak, Main Campus | Kabarak, Main Campus | 17/12/2015 | 2 | P93.5 .L47 2000 | 007912 | 18/06/2024 | 31/05/2024 | 17/12/2015 | General Collection | ||||
| Library of Congress Classification | Kabarak, Nakuru City Campus | Kabarak, Nakuru City Campus | 17/12/2015 | 1 | 1 | P93.5 .L47 2000 c.1 | 007909 | 23/08/2022 | 15/09/2017 | 17/12/2015 | General Collection | |||
| Library of Congress Classification | Kabarak, Nakuru City Campus | Kabarak, Nakuru City Campus | 17/12/2015 | 1 | 1 | P93.5 .L47 2000 c.2 | 007911 | 23/08/2022 | 15/09/2017 | 17/12/2015 | General Collection |